000 00681nam a2200217 a 4500
999 _c1029
_d1029
001 14423
003 BD-DhUAP
005 20210119103648.0
008 200202t20101994ii 000 0 eng d
040 _aSTX
_cBD-DhUAP
_bEng
_dBD-DhUAP
082 0 0 _a340.2 KHA
_223
100 _aKhanna, S. L.
245 0 0 _aComparative law :
_b a general and comparative study of common law and civil law systems /
_cS. L. Khanna
260 _aDelhi :
_bCentral Law Agency,
_cc1994 [Reprinted 2010].
300 _aviii, 214 pages ;
_c22 cm.
650 _aComparative law
650 _aLaw
_vStudy and teaching.
650 _aLaw.
942 _2ddc
_cBK